00844nam a22002537a 450000500170000001000130001702000230003003500130005303700160006604000120008208200130009410000270010724500650013426000460019927000490024530000250029450000190031965000290033865000330036770000250040094200220042599900190044795201240046620170124110206.0 aA-952599 c195.00a8120313909 aA-952599 bCen Lib/Ret aDPLbEN a005bWIL aWilson, Gloria 937445 aLearning media design /cby Gloria Wilson [and] Gary Bitter  aNew Delhi bPrentice Hall of India c1997 aM-97., connaught circus bNew Delhi e110001 axii, 116p.c21cm(Hb) aInclude index  aComputer science 937446 aMultimedia designing 937447 aBitter, Gary 937438 2ddccENh005mWIL c133279d133279 00104070aLbLd2015-07-25eCen Lib/Retg195.00l0o005 WILpA-952599r2015-07-25 00:00:00t1v195.00w2015-07-25yEN